00466nam a2200181 a 450000100060000000300090000600800410001502000150005604000280007108200180009910000320011724500450014926000230019430000100021749000150022765000230024265000190026523861CO-ViMGA141112s2004 ck r 000 u spa d a9580476713 aCO-ViMGAbspacCO-ViMGA04aCu863.6 P373d1 aPerez de la Iglesia, Janina10aEl difraz / cJanina Perez de la Iglesia aColombia : bnorma a256p. aZona libre14a2 : NOVELA AMOROSA14aNOVELA CUBANA